| 000 | 01038cam a2200253 4500 | ||
|---|---|---|---|
| 001 | ABS64053 | ||
| 008 | 000000n2001 000 0 eng u | ||
| 035 | _a(Sirsi) u112882 | ||
| 100 | _aWilliams, P. | ||
| 245 | 2 | _aA friend in deeds | |
| 260 | _c2001 | ||
| 490 |
_aEstates Gazette _v(0120) 19 May 2001, 224(1) |
||
| 520 | _aArgues that old title deeds should not be scrapped in the rush towards electronic conveyancing. Provides examples of useful information contained in old title deeds which include a copy of the original lease, contaminative uses of property or land, boundaries, and clarity over covenants and easements. Concludes that scanning technology could be used in the future to preserve the information in old title deeds. | ||
| 590 | _aABS | ||
| 650 | _aTITLE DEEDS | ||
| 650 | _aHM LAND REGISTRY | ||
| 650 | _aLEASES | ||
| 650 |
_aBoundary disputes _96221 |
||
| 650 |
_aContamination _96231 |
||
| 650 | _aCOVENANTS | ||
| 650 | _aEASEMENTS | ||
| 690 | _aPROPERTY AND LAND LAW-CONVEYANCING | ||
| 942 | _n0 | ||
| 999 |
_c67199 _d67199 |
||